Kosmetické přípravky /

Hlavní autor: Čížková, Eva, 1954-
Jazyk: Čeština
Vydáno: Praha : Sdružení českých spotřebitelů, z.ú., [2017]
Vydání: 1. vydání
Edice: Průvodce spotřebitele
Témata:
Fyzický popis: 17 stran : ilustrace ; 21 cm
Knihy
Uloženo v:
LEADER 01408nam a2200409 i 4500
001 001589343
003 CZ PrNK
005 20240226104800.0
007 ta
008 170719t20172017xr a e f 000 0 cze
015 |z cnb002908947 
020 |a 978-80-87719-55-8  |q (brožováno) 
040 |a BOA001  |b cze  |e rda 
072 7 |a 66  |x Chemický průmysl. Chemická technologie  |2 Konspekt  |9 19 
080 |a 665.5  |2 MRF 
080 |a 366.5  |2 MRF 
080 |a (036)  |2 MRF 
100 1 |a Čížková, Eva,  |d 1954-  |7 xx0149641  |4 aut 
245 1 0 |a Kosmetické přípravky /  |c Eva Čížková 
250 |a 1. vydání 
264 1 |a Praha :  |b Sdružení českých spotřebitelů, z.ú.,  |c [2017] 
264 4 |c ©2017 
300 |a 17 stran :  |b ilustrace ;  |c 21 cm 
336 |a text  |b txt  |2 rdacontent 
337 |a bez média  |b n  |2 rdamedia 
338 |a svazek  |b nc  |2 rdacarrier 
490 1 |a Průvodce pro spotřebitele ;  |v svazek č. 31 
500 |a Název z obálky 
504 |a Obsahuje bibliografii a bibliografické odkazy 
650 0 7 |a kosmetické přípravky  |7 ph114982  |2 czenas 
650 0 7 |a ochrana spotřebitele  |7 ph123665  |2 czenas 
655 7 |a informační publikace  |7 fd132454  |2 czenas 
830 0 |a Průvodce spotřebitele  |0 s 
910 |a BOA001  |b 2-1393.352 
990 |a BK 
991 |b 201708  |c NOV 
996 6 |b 2610717253  |c 2-1393.352  |l MZK  |r Sklad / do 1 hodiny  |n 4  |p p.v.  |w 001626812  |u 000010  |a 1  |e BOA001  |j MZK50  |s P